00693nam a2200205Ia 4500008004100000020001400041020001800055040001800073041000800091100002500099245005600124260006800180300002500248490004100273504005300314650004100367650002600408650002800434650002500462130821s2010 enk gr eng  a199206058 a9780199206056 aCo-BoUCMbspa00aeng1 aSalacuse, Jeswald W.14aThe law of investment treatiescJeswald W. Salacuse aOxford (Oxfordshire, Inglaterra)bOxford University Pressc2010 axxxvi, 517 páginas 0aThe Oxford International Law Library aIncluye referencias bibliográficas e índice.04aArbitramento comercial internacional04aDerecho internacional04aInversiones extranjeras04aTratados comerciales